000 00661nam a22002771i 4500
001 0593610
003 DO-SdBNP
005 20180205145756.0
007 0593610
008 900725s1976 sp spa
016 7 _a
_z
_2BPMSU
017 _a
_b
020 _a8471661837
035 _a
040 _aBPMSU
_bspa
_cBPMSU
080 0 _a
100 1 _aBerti, Aldo
245 1 0 _aTocon y los piratas /
_cAldo Berti.
_h
260 _aMadrid :
_bEdaf,
_c1976.
300 _a150 p. :
_bil. ;
_c22 cm.
490 0 _a
_v
830 _a
942 _2ddc
_cBK
945 _aInventariado, 2018 /LP
956 _a VMATEO
_210
_3201603230
_6BPMSU
_80069
999 _c9423
_d9423